Estatísticas para Quiz do Mapa das Cidades do Brasil

Clique aqui para jogar o quiz

Estatísticas Gerais

  • Esse quiz foi jogado 10 914 vezes
  • A pontuação média é 11 de 14

Respostas no mapa

Respostas codificadas por cores de uma escala verde-vermelha no mapa do quiz de acordo com a % correta abaixo.
Carregando ...
 

Estatísticas das Respostas

Resposta% Correto
São Paulo
91%
Rio de Janeiro
90%
Brasília
87%
Belo Horizonte
87%
Manaus
87%
Porto Alegre
85%
Curitiba
84%
Salvador
84%
Fortaleza
78%
Belém
77%
Cuiabá
75%
Porto Velho
75%
Teresina
71%
Campo Grande
65%

Distribuição das Pontuações

Percentil de Números Respondidos

Porcentagem de Pessoas com Cada Pontuação

Sua Pontuação Histórica

Você não jogou esse quiz